00635nam a22001817a 450000500170000001000260001702000270004303500140007003500140008403700090009808200150010710000250012224501020014725000060024926001010025527000700035630000270042620260522115448.0 aENG-143276 ENG-148593 a9788197321443c1220.00 aEN-126808 aEN-132125 bDBAD a307.760954 aRaghavan, Vyjayanti 00aNortheast Asia and South Asia:b The Impact of Xi Jinping and Donald TrumpcBy Vyjayanti Raghavan a1 aNew DelhibKW Publishers KW Publishers in association with Centre for Land Warfare Studiesc2025 a4676/21, First Floor, Ansari Road, Daryaganj, bNew Delhie110002 a167p.c23cm(hb)bIndex